[Event "RUS-ch blitz"]
[Site "Sochi"]
[Date "2018.10.07"]
[Round "12.32"]
[White "Kalinin, Michail Borisovich"]
[Black "Oganian, Miran"]
[Result "0-1"]
[WhiteElo "2380"]
[BlackElo "2435"]
[PlyCount "63"]
[EventDate "2018.10.07"]
[EventType "swiss (blitz)"]
[EventRounds "20"]
[EventCountry "RUS"]
[SourceTitle "CBM 186 Extra"]
[Source "ChessBase"]
[SourceDate "2018.08.24"]
[SourceVersion "1"]
[SourceVersionDate "2018.08.24"]
[SourceQuality "1"]

1. d4 Nf6 2. Nf3 d5 3. e3 c5 4. a3 cxd4 5. Nxd4 e5 6. Nf3 Nc6 7. b4 a6 8. Bb2 Bd6 9. c4 dxc4 10. Bxc4 0-0 11. h3 Qe7 12. Nbd2 Rd8 13. Qb3 b5 14. Be2 Be6 15. Qd1 Bd5 16. 0-0 e4 17. Nd4 Qe5 18. g3 Nxd4 19. Bxd4 Qf5 20. Bg4 Qg6 21. Re1 Bb7 22. Rc1 a5 23. bxa5 Bxa3 24. Rb1 Bc6 25. Bb6 Rd3 26. Qe2 h5 27. Bxh5 Nxh5 28. Nf1 b4 29. Qc2 Bb5 30. Qc5 Qc6 31. Qxh5 b3 32. Qf5 0-1

[Event "EU-ch blitz"]
[Site "Minsk"]
[Date "2015.12.18"]
[Round "22.19"]
[White "Kalinin, Michail Borisovich"]
[Black "Movsesian, Sergei"]
[Result "0-1"]
[WhiteElo "2380"]
[BlackElo "2659"]
[PlyCount "98"]
[EventDate "2015.12.18"]
[EventType "swiss (blitz)"]
[EventRounds "22"]
[EventCountry "BLR"]
[SourceTitle "EXT 2017"]
[Source "ChessBase"]
[SourceDate "2016.10.25"]
[SourceVersion "1"]
[SourceVersionDate "2016.10.25"]
[SourceQuality "1"]

1. d4 Nf6 2. Nf3 d6 3. b3 Bg4 4. e3 Nbd7 5. Bb2 c5 6. Be2 e6 7. c4 Be7 8. Nbd2 0-0 9. 0-0 Qc7 10. Bd3 Rad8 11. Qc2 Rfe8 12. a3 Bh5 13. Rfd1 a6 14. h3 Nb8 15. dxc5 dxc5 16. Ne4 Nfd7 17. Neg5 h6 18. Ne4 Nc6 19. Ng3 Bxf3 20. gxf3 Bf6 21. Bf1 Bxb2 22. Qxb2 Nf6 23. Bg2 Rxd1+ 24. Rxd1 e5 25. Qc2 Rd8 26. Rxd8+ Qxd8 27. Qf5 g6 28. Qc2 Kg7 29. Ne2 Ne7 30. f4 exf4 31. Nxf4 b6 32. Qc3 Qd1+ 33. Kh2 Qd6 34. Kg1 Kf8 35. b4 g5 36. Nd3 Ng6 37. bxc5 bxc5 38. Nxc5 Qd1+ 39. Bf1 Ke7 40. Qd3 Qc1 41. Nb7 Kf8 42. Nd6 Nh4 43. Nf5 Nf3+ 44. Kh1 Kg8 45. Nxh6+ Kg7 46. Nf5+ Kg8 47. Nh6+ Kf8 48. Ng4 Ne4 49. Qe2 Ned2 0-1

[Event "EU-ch blitz"]
[Site "Minsk"]
[Date "2015.12.18"]
[Round "20.45"]
[White "Martynov, Roman"]
[Black "Kalinin, Michail Borisovich"]
[Result "1/2-1/2"]
[WhiteElo "2284"]
[BlackElo "2380"]
[PlyCount "84"]
[EventDate "2015.12.18"]
[EventType "swiss (blitz)"]
[EventRounds "22"]
[EventCountry "BLR"]
[SourceTitle "EXT 2017"]
[Source "ChessBase"]
[SourceDate "2016.10.25"]
[SourceVersion "1"]
[SourceVersionDate "2016.10.25"]
[SourceQuality "1"]

1. d4 d5 2. c4 c6 3. Nf3 Nf6 4. e3 e6 5. Nc3 Nbd7 6. Qc2 Be7 7. b3 b6 8. Bd3 Bb7 9. e4 dxe4 10. Nxe4 c5 11. Bb2 cxd4 12. Bxd4 Nc5 13. Bxc5 bxc5 14. 0-0 Qc7 15. Rad1 h6 16. Nxf6+ Bxf6 17. Be4 0-0 18. Rd2 Rfd8 19. Rfd1 Rxd2 20. Rxd2 Bxe4 21. Qxe4 Rd8 22. Rxd8+ Qxd8 23. g3 g6 24. Qe3 Qa5 25. Qxh6 Qxa2 26. Qe3 Qa3 27. Kg2 Qb4 28. h4 a5 29. g4 a4 30. Qf4 Kg7 31. bxa4 Qxa4 32. Ne5 Qa8+ 33. Nf3 e5 34. Qe3 e4 35. Ng5 Bxg5 36. hxg5 Qc6 37. Kg3 Qd6+ 38. Qf4 Qd3+ 39. Kg2 Qxc4 40. Qf6+ Kh7 41. Qe5 Qd4 42. Qe7 Qd5 1/2-1/2

[Event "Sukhumi op"]
[Site "Sukhumi"]
[Date "2006.08.11"]
[Round "8"]
[White "Shirshikov, Nikolai"]
[Black "Kalinin, Michail Borisovich"]
[Result "1-0"]
[WhiteElo "2151"]
[BlackElo "2361"]
[PlyCount "63"]
[EventDate "2006.08.04"]
[EventType "swiss"]
[EventRounds "9"]
[EventCountry "GEO"]
[SourceTitle "EXT 2011"]
[Source "ChessBase"]
[SourceDate "2010.11.26"]
[SourceVersion "1"]
[SourceVersionDate "2010.11.26"]
[SourceQuality "1"]

1. e4 e6 2. d4 d5 3. Nd2 Nf6 4. Bd3 a6 5. e5 Nfd7 6. Ne2 c5 7. c3 Nc6 8. 0-0 b5 9. Nf3 b4 10. Re1 Qb6 11. Be3 h6 12. Rc1 Bb7 13. c4 cxd4 14. Nexd4 Nxd4 15. Nxd4 Bc5 16. cxd5 Bxd5 17. Bb1 Rd8 18. Nf5 Bxe3 19. Rxe3 g6 20. Nh4 h5 21. Qd3 Nc5 22. Qe2 Bb7 23. Rg3 Rd4 24. Nf3 Rd7 25. h3 a5 26. Ng5 Ba6 27. Qf3 Rc7 28. Nxf7 Rxf7 29. Bxg6 Rhf8 30. Bxf7+ Rxf7 31. Rg8+ Ke7 32. Qa8 1-0

[Event "Privolzhskogo FO-ch"]
[Site "Omsk"]
[Date "2004.12.11"]
[Round "2"]
[White "Kalinin, Michail Borisovich"]
[Black "Pogorelskikh, Sergey"]
[Result "1/2-1/2"]
[WhiteElo "2370"]
[BlackElo "2253"]
[PlyCount "86"]
[EventDate "2004.12.11"]
[EventType "swiss"]
[EventRounds "5"]
[EventCountry "RUS"]
[SourceTitle "EXT 2006"]
[Source "ChessBase"]
[SourceDate "2005.11.24"]
[SourceVersion "1"]
[SourceVersionDate "2005.11.24"]
[SourceQuality "1"]

1. d4 Nf6 2. Nf3 g6 3. b3 Bg7 4. Bb2 0-0 5. e3 d6 6. Be2 e5 7. dxe5 Ng4 8. Nbd2 Nd7 9. c4 Ngxe5 10. Qc2 Qe7 11. 0-0 f5 12. Nd4 a6 13. b4 b6 14. c5 dxc5 15. bxc5 Nxc5 16. Ba3 Kh8 17. Rac1 Be6 18. N2b3 Bd5 19. Nxc5 bxc5 20. Bxc5 Qg5 21. f3 Rfe8 22. e4 fxe4 23. f4 Qh6 24. Nb3 Nd7 25. Be3 c6 26. Qd2 Qh4 27. Nd4 Nf6 28. f5 Nh5 29. Bxh5 Be5 30. g3 Qxh5 31. Nxc6 Bxc6 32. Rxc6 Rad8 33. Qf2 gxf5 34. Rxa6 Rd1 35. Rc6 Red8 36. Rc1 R1d3 37. Kh1 Rd1 38. Kg2 Rxf1 39. Rxf1 Rd3 40. Re1 Qg4 41. Rc1 h5 42. Rc6 Kg7 43. Bh6+ Kg8 1/2-1/2

[Event "RUS-Cup04"]
[Site "Samara"]
[Date "2002.08.03"]
[Round "9"]
[White "Kurganov, Dmitry"]
[Black "Kalinin, Michail Borisovich"]
[Result "1-0"]
[WhiteElo "2106"]
[BlackElo "2303"]
[PlyCount "50"]
[EventDate "2002.07.26"]
[EventType "swiss"]
[EventRounds "9"]
[EventCountry "RUS"]
[SourceTitle "CBM 089 Extra"]
[Source "ChessBase"]
[SourceDate "2002.09.10"]
[SourceVersion "2"]
[SourceVersionDate "2002.09.10"]
[SourceQuality "1"]

1. c4 c5 2. Nf3 Nc6 3. Nc3 g6 4. e3 Bg7 5. d4 cxd4 6. exd4 d6 7. Be3 Nh6 8. d5 Ne5 9. Nxe5 dxe5 10. Qa4+ Bd7 11. Qb4 b6 12. c5 bxc5 13. Bxc5 f6 14. Rd1 Kf7 15. Bc4 Re8 16. d6+ e6 17. Nb5 a5 18. Qa3 Nf5 19. Nc7 Qb8 20. Nxe8 Kxe8 21. 0-0 Bh6 22. Qf3 Kf7 23. Bxe6+ Bxe6 24. d7 Bf8 25. d8Q Qxd8 1-0

[Event "RUS-Cup04"]
[Site "Samara"]
[Date "2002.07.30"]
[Round "5"]
[White "Kalinin, Michail Borisovich"]
[Black "Doluhanova, Evgeniya"]
[Result "1-0"]
[WhiteElo "2303"]
[BlackElo "2097"]
[PlyCount "73"]
[EventDate "2002.07.26"]
[EventType "swiss"]
[EventRounds "9"]
[EventCountry "RUS"]
[SourceTitle "CBM 089 Extra"]
[Source "ChessBase"]
[SourceDate "2002.09.10"]
[SourceVersion "2"]
[SourceVersionDate "2002.09.10"]
[SourceQuality "1"]

1. d4 Nf6 2. Nf3 e6 3. e3 b6 4. Bd3 Bb7 5. Nbd2 c5 6. 0-0 Be7 7. b3 Nc6 8. Bb2 Rc8 9. a3 0-0 10. Qb1 cxd4 11. exd4 d6 12. Re1 h6 13. Qd1 Re8 14. Rc1 Nb8 15. c4 Nbd7 16. b4 Bf8 17. Bb1 Qc7 18. h3 Ba8 19. Re3 Qb7 20. Qf1 g6 21. Rce1 Bg7 22. Ba2 Nf8 23. R1e2 Nh5 24. Qa1 Qe7 25. Re1 Nh7 26. Ne4 Nf4 27. d5 Bxb2 28. Qxb2 f5 29. Ned2 e5 30. c5 e4 31. cxd6 Qxd6 32. Nc4 Rxc4 33. Bxc4 Nxg2 34. Kxg2 exf3+ 35. Kg1 Rxe3 36. Rxe3 Ng5 37. Re8+ 1-0

[Event "RUS-Cup04"]
[Site "Samara"]
[Date "2002.07.29"]
[Round "4"]
[White "Yandemirov, Valeri"]
[Black "Kalinin, Michail Borisovich"]
[Result "1-0"]
[WhiteElo "2502"]
[BlackElo "2303"]
[PlyCount "115"]
[EventDate "2002.07.26"]
[EventType "swiss"]
[EventRounds "9"]
[EventCountry "RUS"]
[SourceTitle "CBM 089 Extra"]
[Source "ChessBase"]
[SourceDate "2002.09.10"]
[SourceVersion "2"]
[SourceVersionDate "2002.09.10"]
[SourceQuality "1"]

1. Nf3 d5 2. g3 Nf6 3. Bg2 b6 4. c4 c6 5. 0-0 e6 6. d3 Bb7 7. Nbd2 Be7 8. b3 Nbd7 9. Bb2 Rc8 10. e4 Nc5 11. Ne5 0-0 12. Qe2 Ne8 13. d4 Nxe4 14. Nxe4 dxe4 15. Qxe4 Nf6 16. Qe2 Rc7 17. Rfd1 Qa8 18. Rd3 c5 19. Bxb7 Qxb7 20. Rad1 b5 21. dxc5 Bxc5 22. cxb5 Qxb5 23. Ng4 Nxg4 24. Qxg4 e5 25. a4 Qe8 26. Rd8 Qe7 27. Rxf8+ Kxf8 28. Qe4 Qf6 29. Qa8+ Ke7 30. Qd8+ Ke6 31. Qd5+ Kf5 32. Rd3 Kg6 33. Rf3 Qe6 34. Qxe6+ fxe6 35. Bxe5 Rb7 36. Kf1 h5 37. Ke2 Rd7 38. Rd3 Rf7 39. Bd4 Bb4 40. Re3 Re7 41. Re5 Bd6 42. Ra5 Bb8 43. f4 h4 44. Kd3 Rb7 45. Rg5+ Kh6 46. Kc4 Bd6 47. Bc5 Rc7 48. b4 e5 49. Kd5 exf4 50. Bxd6 fxg3 51. Bxc7 gxh2 52. Bxh2 Kxg5 53. b5 Kf5 54. a5 g5 55. b6 axb6 56. axb6 g4 57. b7 g3 58. b8Q 1-0

[Event "RUS-Cup04"]
[Site "Samara"]
[Date "2002.07.28"]
[Round "3"]
[White "Kalinin, Michail Borisovich"]
[Black "Shutalev, Mikhail"]
[Result "1-0"]
[WhiteElo "2303"]
[BlackElo "2140"]
[PlyCount "171"]
[EventDate "2002.07.26"]
[EventType "swiss"]
[EventRounds "9"]
[EventCountry "RUS"]
[SourceTitle "CBM 089 Extra"]
[Source "ChessBase"]
[SourceDate "2002.09.10"]
[SourceVersion "2"]
[SourceVersionDate "2002.09.10"]
[SourceQuality "1"]

1. d4 e6 2. Nf3 b6 3. e3 Bb7 4. Bd3 Nf6 5. Nbd2 c5 6. 0-0 Nc6 7. a3 Be7 8. b3 0-0 9. Bb2 Qc7 10. Re1 d5 11. Ne5 Nxe5 12. dxe5 Nd7 13. f4 f5 14. Qe2 a6 15. c4 dxc4 16. Bxc4 Qc6 17. Qf3 Kf7 18. Qh3 Kg8 19. Be2 Rfd8 20. Bf3 Qc7 21. Rad1 Nf8 22. Nc4 Bxf3 23. Qxf3 Ng6 24. Bc3 Rab8 25. g3 Rxd1 26. Rxd1 Rd8 27. Rxd8+ Bxd8 28. Qa8 a5 29. a4 Ne7 30. Nd6 Qd7 31. Kf2 Nc6 32. Ke2 Kf8 33. Kd3 Ke7 34. Qc8 Qxc8 35. Nxc8+ Kd7 36. Nd6 Bc7 37. Nb5 Ne7 38. e4 g6 39. Bd2 Nc6 40. Bc3 Ne7 41. Na3 Kc6 42. Nc4 Bb8 43. Nd2 h6 44. Nf3 Bc7 45. h3 b5 46. Nh4 bxa4 47. bxa4 fxe4+ 48. Kxe4 Nf5 49. Nxg6 Nxg3+ 50. Kd3 Nf5 51. Kc4 Ne3+ 52. Kd3 Nf5 53. Ke4 Ng3+ 54. Kf3 Nf5 55. Nf8 Kd5 56. Nd7 Kc4 57. Be1 Bd8 58. Kg4 Ng7 59. Nb8 Kd5 60. Nd7 c4 61. Kf3 Nf5 62. Bc3 Kc6 63. Nf6 Bb6 64. Be1 Bd8 65. Ke4 Bb6 66. Nh7 Kd7 67. Nf8+ Ke7 68. Ng6+ Kf7 69. Nh4 Nxh4 70. Bxh4 Bc5 71. Be1 Bb6 72. f5 exf5+ 73. Kxf5 Ke7 74. Bh4+ Kf7 75. e6+ Ke8 76. Be1 Ke7 77. Ke5 Bc7+ 78. Kd5 Bb6 79. Bh4+ Ke8 80. Kxc4 Be3 81. Be1 Ke7 82. Kd5 Bb6 83. Bd2 h5 84. Bg5+ Ke8 85. Ke5 Bf2 86. Kf5 1-0

[Event "Voronezh op 5th"]
[Site "Voronezh"]
[Date "2001.06.20"]
[Round "8"]
[White "Tkachenko, Georgiy"]
[Black "Kalinin, Michail Borisovich"]
[Result "1-0"]
[WhiteElo "2262"]
[BlackElo "2362"]
[PlyCount "95"]
[EventDate "2001.06.12"]
[EventType "swiss"]
[EventRounds "9"]
[EventCountry "RUS"]
[SourceTitle "EXT 2002"]
[Source "ChessBase"]
[SourceDate "2001.11.25"]
[SourceVersion "1"]
[SourceVersionDate "2001.11.25"]
[SourceQuality "1"]

1. c4 e6 2. g3 d5 3. Bg2 Nf6 4. Nf3 c6 5. b3 Nbd7 6. 0-0 b6 7. Bb2 Bb7 8. d4 Bd6 9. Nbd2 0-0 10. Qc2 c5 11. Rac1 Re8 12. e3 Rc8 13. Qb1 cxd4 14. Nxd4 Ba6 15. Rfd1 Nc5 16. b4 Nce4 17. Nxe4 dxe4 18. Nb5 Bxb5 19. cxb5 Rxc1 20. Qxc1 Qe7 21. a3 Bb8 22. Qc3 Qf8 23. Qc6 Rc8 24. Qb7 Rc7 25. Qa8 Rc4 26. Bf1 Rc8 27. Bxf6 gxf6 28. Qxe4 f5 29. Qh4 Bd6 30. g4 Rd8 31. Rc1 fxg4 32. Qg5+ Kh8 33. Qf6+ Kg8 34. Rc4 h5 35. Qg5+ Kh7 36. h3 f5 37. Bd3 Rd7 38. Kf1 Qh6 39. Bxf5+ exf5 40. Qxf5+ Qg6 41. Qxd7+ Kh6 42. Rd4 Be5 43. Qc6 Bxd4 44. exd4 Kg7 45. Qxg6+ Kxg6 46. hxg4 hxg4 47. Kg2 Kg5 48. Kg3 1-0

[Event "Voronezh op 5th"]
[Site "Voronezh"]
[Date "2001.06.19"]
[Round "7"]
[White "Kalinin, Michail Borisovich"]
[Black "Batrakov, Alexander"]
[Result "1-0"]
[WhiteElo "2362"]
[BlackElo "2277"]
[PlyCount "61"]
[EventDate "2001.06.12"]
[EventType "swiss"]
[EventRounds "9"]
[EventCountry "RUS"]
[SourceTitle "EXT 2002"]
[Source "ChessBase"]
[SourceDate "2001.11.25"]
[SourceVersion "1"]
[SourceVersionDate "2001.11.25"]
[SourceQuality "1"]

1. d4 d5 2. Nf3 Nf6 3. e3 c6 4. Bd3 Bg4 5. Nbd2 e6 6. b3 Nbd7 7. c4 Bd6 8. Bb2 dxc4 9. bxc4 e5 10. h3 Bxf3 11. Qxf3 Qa5 12. Qe2 e4 13. Bc2 Bb4 14. Rb1 Qxa2 15. 0-0 Bxd2 16. Qxd2 Qxc4 17. Ba3 b6 18. Bb3 Qa6 19. Qa2 c5 20. Bxf7+ Kf8 21. dxc5 bxc5 22. Rfd1 g6 23. Bc4 Qc6 24. Qa1 Rb8 25. Rxb8+ Nxb8 26. Bd5 Qa6 27. Bc4 Qc6 28. Bb5 Qe6 29. Bxc5+ Kg7 30. Rd6 Qf5 31. Rxf6 1-0

[Event "Voronezh op-A"]
[Site "Voronezh"]
[Date "2000.??.??"]
[Round "2"]
[White "Kalinin, Michail Borisovich"]
[Black "Bobrov, Igor E"]
[Result "1/2-1/2"]
[WhiteElo "2370"]
[BlackElo "2426"]
[PlyCount "67"]
[EventDate "2000.06.??"]
[EventType "swiss"]
[EventRounds "9"]
[EventCountry "RUS"]
[SourceTitle "EXT 2001"]
[Source "ChessBase"]
[SourceDate "2000.11.22"]
[SourceVersion "1"]
[SourceVersionDate "2000.11.22"]
[SourceQuality "1"]

1. d4 Nf6 2. Nf3 g6 3. Nbd2 d5 4. e3 Bg7 5. Bd3 Nbd7 6. c4 c6 7. b3 0-0 8. h3 Re8 9. Bb2 Nf8 10. Qc2 N6d7 11. 0-0 e5 12. cxd5 cxd5 13. dxe5 Nxe5 14. Bxe5 Bxe5 15. Nxe5 Rxe5 16. Nf3 Re7 17. Rfd1 Be6 18. Qb2 Rc8 19. Be2 Rec7 20. Rd2 Nd7 21. Rad1 Qf6 22. Qa3 Nc5 23. Rc2 Ne4 24. Rxc7 Rxc7 25. Qxa7 Qb2 26. Nd4 Rc1 27. Rxc1 Qxc1+ 28. Kh2 Nxf2 29. Qb8+ Bc8 30. Bf3 h5 31. Bxd5 h4 32. Bxf7+ Kh7 33. Bxg6+ Kg8 34. Bf7+ 1/2-1/2

[Event "Voronezh op-A"]
[Site "Voronezh"]
[Date "2000.??.??"]
[Round "6"]
[White "Kalinin, Michail Borisovich"]
[Black "Nedochetov, Mikhail"]
[Result "0-1"]
[WhiteElo "2370"]
[BlackElo "2258"]
[PlyCount "96"]
[EventDate "2000.06.??"]
[EventType "swiss"]
[EventRounds "9"]
[EventCountry "RUS"]
[SourceTitle "EXT 2001"]
[Source "ChessBase"]
[SourceDate "2000.11.22"]
[SourceVersion "1"]
[SourceVersionDate "2000.11.22"]
[SourceQuality "1"]

1. d4 d5 2. Nf3 Bf5 3. e3 e6 4. Nbd2 Nf6 5. Ne5 Nfd7 6. Ndf3 Nxe5 7. Nxe5 Nd7 8. Nxd7 Qxd7 9. Be2 Bd6 10. 0-0 0-0 11. c4 c6 12. h3 Rad8 13. Qb3 Qe7 14. Bd2 Rd7 15. Rfd1 Qf6 16. Bb4 Bxb4 17. Qxb4 Qg5 18. Kh2 Be4 19. Rg1 Rfd8 20. f4 Qf6 21. c5 Qe7 22. Qd2 f6 23. b4 e5 24. a4 Re8 25. Ra3 Bf5 26. Bh5 g6 27. Bf3 Be4 28. Bd1 a6 29. Rb3 Rdd8 30. b5 axb5 31. axb5 Ra8 32. bxc6 bxc6 33. Qb2 exd4 34. Qxd4 Ra5 35. Be2 Rxc5 36. Ra3 Rc2 37. Ra7 Qd6 38. Bd1 Rc4 39. Qa1 Re7 40. Ra8+ Kg7 41. Bb3 Rb4 42. Qa3 c5 43. Rd1 Reb7 44. Ba2 Rb2 45. Rg1 Qb6 46. Ra4 c4 47. h4 Rd2 48. Ra8 Qb4 0-1